|
|
|
|
| LEADER |
00000nam0a2200000 4500 |
| 001 |
40200 |
| 005 |
20231031012406.0 |
| 035 |
|
|
|a (RuTPU)RU\TPU\book\41223
|
| 090 |
|
|
|a 40200
|
| 100 |
|
|
|a 20020429d1974 km y0rusy50 ca
|
| 101 |
1 |
|
|a rus
|c eng
|
| 102 |
|
|
|a RU
|
| 105 |
|
|
|a a z 001zy
|
| 200 |
1 |
|
|a Лекции по вариационному исчислению и теории оптимального управления
|e пер. с англ.
|f Л. Ч. Янг
|
| 210 |
|
|
|a Москва
|c Мир
|d 1974
|
| 215 |
|
|
|a 488 с.
|c ил.
|
| 320 |
|
|
|a Библиогр.: с. 473-478.
|
| 320 |
|
|
|a Имен. указ.: с. 479.
|
| 320 |
|
|
|a Предм. указ.: с. 480-484.
|
| 610 |
1 |
|
|a математика
|
| 610 |
1 |
|
|a вариационное исчисление
|
| 610 |
1 |
|
|a оптимальные методы
|
| 610 |
1 |
|
|a двойственность
|
| 610 |
1 |
|
|a локальное погружение
|
| 610 |
1 |
|
|a гамильтониана
|
| 610 |
1 |
|
|a выпуклости
|
| 610 |
1 |
|
|a неравенства
|
| 610 |
1 |
|
|a функциональный анализ
|
| 610 |
1 |
|
|a оптимальное управление
|
| 675 |
|
|
|a 519.3
|v 3
|
| 675 |
|
|
|a 517.97
|v 3
|
| 700 |
|
1 |
|a Янг
|b Л. Ч.
|g Лоренс Чисхолм
|
| 801 |
|
1 |
|a RU
|b 63413507
|c 20020429
|g PSBO
|
| 801 |
|
2 |
|a RU
|b 63413507
|c 20150626
|g PSBO
|
| 900 |
|
|
|a Оптимизация в технике и управлении
|
| 942 |
|
|
|c BK
|